El arca de los cuentos 5 : (Registro nro. 9113)

Detalles MARC
000 -LIDER
fixed length control field 00779nam a22002417a 4500
001 - NÚMERO DE CONTROL
Identificador de número de control 00260
003 - IDENTIFICACDOR DE NÚMERO DE CONTROL
control field DO-SdBNP
005 - DATE AND TIME OF LATEST TRANSACTION
control field 20180223103945.0
008 - ELEMENTOS DE LONGITUD FIJA
fixed length control field 151214b 1999 sp xxu||||| |||| 00| 0 spa d
020 ## - ISBN
International Standard Book Number 8431633247
040 ## - FUENTE DE CATALOGACIÓN
Agencia que crea de manera original el registro BPMSU
Idioma de catalogación spa
Agencia que realiza la transcripción BPMSU
100 ## - ASIENTO PRINCIPAL -- NOMBRE PERSONAL
Nombre personal Montes, Maria Pilar
245 10 - MENCIÓN DE TITULO
Título El arca de los cuentos 5 :
Subtítulo educación primaria : tercer ciclo /
Mención de responsabilidad Mª Pilar Montes, Mª de la Paz Soler ; ilustración Susana Campillo ... [et al.]
250 ## - MENCIÓN DE EDICION
Mención de edición 1ª ed., 5ª reimp.
260 ## - PUBLICACIÓN, DISTRIBUCIÓN, ETC. (PIE DE IMPRENTA)
Lugar de publicación, distribución, etc Barcelona :
Nombre del editor, distribuidor, etc. Vicens Vives,
Fecha de publicación, distribución, etc 1999.
300 ## - DESCRIPCIÓN FÍSICA
Extensión 173 p. :
Otros detalles físicos il. ;
Dimensiones 27 cm.
700 ## - ASIENTO SECUNDARIO -- NOMBRE PERSONAL
Nombre personal Soler, Mª de la Paz
700 ## - ASIENTO SECUNDARIO -- NOMBRE PERSONAL
Nombre personal Campillo, Susana
Mención de responsabilidad il.
910 ## - VALIDACIÓN
Validación 00260
942 ## - ADDED ENTRY ELEMENTS (KOHA)
Source of classification or shelving scheme Dewey Decimal Classification
Koha item type Libros
945 ## - INFORMACIÓN DE PROCESAMIENTO LOCAL
Información de procesamiento local Inventariado, 2018/MFF
956 ## - LOCAL ELECTRONIC LOCATION AND ACCESS (OCLC)
Nombre de host Lorenza Pérez
Número de acceso 10
Existencias
Withdrawn status Lost status Source of classification or shelving scheme Damaged status Not for loan Collection code Home library Current library Date acquired Source of acquisition Total Checkouts Barcode Date last seen Cost, replacement price Price effective from Koha item type
    Dewey Decimal Classification     Colección Infantil General Biblioteca Pública Metropolitana Salomé Ureña Biblioteca Pública Metropolitana Salomé Ureña 12/14/2015 Donación   BPMSU15120150 12/14/2015 0.00 12/14/2015 Libros